Gnome applet pre driver FT1000

Gespeichert in:
Bibliographische Detailangaben
1. Verfasser: Belian, Martin, 1975- (Verfasst von)
Weitere Verfasser: Kuník, Stanislav, 1982- (Betreuung Doktorarbeit)
Format: Manuskript Buch
Sprache:Slowakisch
Veröffentlicht: STU v Bratislave MTF UIAM, 2010
Schlagworte:
Online-Zugang:VAIS
Tags: Tag hinzufügen
Keine Tags, Fügen Sie das erste Tag hinzu!

MARC

LEADER 00000ntm a22000003a 4500
001 stu206246
005 20160719160220.0
008 100702s2010------------------------slo-d
040 |a STU  |b slo 
041 0 |a slo 
100 1 |a Belian, Martin,  |d 1975-  |4 aut  |X 31226  |7 A000031226 
242 0 0 |a Gnome applet for driver FT1000  |y eng 
245 1 |a Gnome applet pre driver FT1000 
260 |b STU v Bratislave MTF UIAM,  |c 2010 
650 7 |a USB  |2 stusub 
650 7 |a USB  |2 stusub 
650 7 |a GNU/Linux  |2 stusub 
650 7 |a GNU/Linux  |2 stusub 
700 1 |a Kuník, Stanislav,  |d 1982-  |4 ths  |u M180  |U MTF Materiálovotechnologická fakulta  |T MTF Katedra aplikovanej informatiky a automatizácie  |X 4618  |U M180  |Y 166  |7 A000004618 
856 4 |a info a plný text  |u http://is.stuba.sk/zp/portal_zp.pl?podrobnosti=75146  |3 VAIS 
996 |c M*DP-9149  |l MMSKP  |s P  |a 0  |w stu206246_0001